000 00544nam a22001697a 4500
008 151104b xxu||||| |||| 00| 0 eng d
050 _aPQ1668.D3 1972
100 _aDu Bellay Joachim
_920953
245 _aLa Deffence et illustration de la langue francoyse
_c/by Joachim Du Bellay
260 _aParis
_bGorge G. Harrap
_c1972
300 _a127p.
_c23cm.
440 _aBibliotheque bordas
_920954
650 _aFrench language
_920955
650 _aPoetics
_91972
650 _aFrench language
_xEarly modern
_920956
942 _2lcc
_cMONOGRAPH
999 _c123745
_d123745